| 000 | 01034nas a2200325 4500 | ||
|---|---|---|---|
| 001 | BR2016000413 | ||
| 003 | BR-BrBNA | ||
| 005 | 20231205130048.0 | ||
| 007 | ta | ||
| 008 | 230509b bl.|||p| |||| 00| 00por d | ||
| 040 |
_aBR-BrBNA _bpor _cBiblioteca Nacional de Agricultura |
||
| 041 | _a(En) | ||
| 072 | _aF06; F61 | ||
| 100 | 1 | _aElhindi, K. | |
| 100 | 1 | _aEl-Hendawy, S. | |
| 100 | 1 | _aAbdel-Salam, E. | |
| 100 | 1 | _aElgorban, A. | |
| 100 | 1 | _aAhmed, M. | |
| 245 | 1 | _aImpacts of fertigation via surface and subsurface drip irrigation on growth rate, yield and flower quality of Zinnia elegans | |
| 650 | _aZÍNIA | ||
| 650 | _aPLANTA ORNAMENTAL | ||
| 650 | _aIRRIGAÇÃO POR GOTEJAMENTO | ||
| 650 | _aNITROGÊNIO | ||
| 650 | _aNUTRIENTE | ||
| 650 | _aSOLO | ||
| 773 | 0 |
_tBragantia (Brazil) _xISSN 1678-4499 _g(Jan-Mar 2016), v. 75(1) p. 96-107 _wBR2016000413 |
|
| 856 | 4 | 0 | _uhttp://www.scielo.br/pdf/brag/v75n1/0006-8705-brag-1678-4499176.pdf |
| 909 |
_a202311 _bLúcia _c55 _dLúcia Elande |
||
| 942 |
_2AGRIS _n0 _cANA |
||
| 999 |
_c247703 _d247703 |
||